000 00632nam a2200241Ia 4500
003 OSt
005 20221007071837.0
006 a|||||r|||| 00| 0
007 ta
008 221006b |||||||| |||| 00| 0 eng d
020 _a85315242
024 _a18,422
037 _cTextual
040 _aFLL
_cFLL
_beng
041 _2eng
_aeng
082 _aZ0aW, L1
100 _aPritt D.N.
245 0 _aBook 3
_b law and politics and law in the colonies
260 _aLondon
_bLawrence and Wishart England
_c1971
300 _a151p
_ccm.
942 _hZ0aW, L1
_cTEXL
_2CC
999 _c1144478
_d1144478